Les IA les plus utilisées au monde - Statistiques

Statistiques générales
  • Ce quiz a été pris 58 fois
  • Le résultat moyen est 3 sur 20
Statistiques - réponses
Rang IA les plus utilisées au monde % Correct
1 ChatGPT
100%
2 Gemini
79%
4 Grok
50%
7 Claude
46%
3 deepseek
31%
6 perplexity
25%
17 Kimi
2%
16 QuillBot
2%
15 SUNO
2%
5 character.ai
0%
12 Doubao
0%
10 Google AI Studio
0%
8 JanitorAI
0%
13 NotebookLM
0%
18 PolyBuzz
0%
9 Quark
0%
20 Qwen3
0%
11 removebg
0%
19 SeaArt.AI
0%
14 SPICYCHAT.AI
0%
Aucun quiz correspondant
Distribution des résultats
% des personnes avec chaque résultat
Percentile par nombre de réponses
Votre historique - résultats
Vous n’avez pas pris ce quiz